000 01595nam a2200397 c 4500
003 BLK
005 20180422105405.0
008 180409b bul|||||r ||||||| ||bul||
010 _aKNG00106312000
020 _a954-607-306-7
_bиздат.: Лик
040 _aBLK
041 _aBUL
_cBUL
080 _aТест. Изследване. Психологически експеримент. Измервания.
_b159.9.072
_x
_z159.9.072
080 _aИгри за ловкост. Главоблъсканици. Пъзели
_b794.5
_x
_z794.5
100 1 _aРъсел, Кен
_eпърви автор
_9261066
700 1 _aКартър, Филип
_eсъавт.
_9373923
700 1 _aВасилева, Албена
_eпрев. от англ.
_9370593
139 _aРъсел, Кен и др.
_bР 98
245 1 0 _aКартинни тестове
_cКен Ръсел; съавт. Филип Картър; прев. от англ. Албена Василева.
257 _aGBR
260 София
_bЛик
_c2000
300 _a221 с.
_bс ил.
_c20 см
380 _a1
490 1 _aСветът на интелекта
500 _aОриг. загл. Picture Puzzles / Ken Russel, Philip Carter. - Офс. изд.
650 4 _aТестове - за интелигентност
_9258218
650 4 _aИгри за развлечение
_9245182
653 _aтестове
653 _aинтелигентност
653 _aигри
852 _aЦб 214947
856 4 _qpdf
_u
856 4 _qpdf
_u
942 _cKNG
_n0
944 _aCR
_c01.01.2000
_kГеновева_Генчева
944 _aED
_c21.12.2004
_k
999 _c101269
_d101269